Encyclopedia of climate and water /

Salvato in:
Dettagli Bibliografici
Autore principale: Schneider, Stephen H. (ed.)
Natura: Libro
Lingua:inglese
Pubblicazione: Nueva York, EUA : Oxford University, 1996, c1996
Soggetti:
Tags: Aggiungi Tag
Nessun Tag, puoi essere il primo ad aggiungerne!!

MARC

LEADER 00000nam^a2200000^a^4500
001 000111710
005 20250521000000.0
009 20260310093841.065
020 |a 0-19-509485-9 
037 |a Acervo ITESO - Biblioteca 
041 |a ING 
082 |a 551. 503  |b SCH 
100 |a Schneider, Stephen H.  |e (ed.) 
245 1 0 |a Encyclopedia of climate and water /  |c Ed. de S.H. Schneider. 
264 4 |a Nueva York, EUA :  |b Oxford University,  |c 1996, c1996 
300 |a 2 v. 
336 |a texto  |b txt  |2 rdacontenido 
337 |a sin mediación  |b n  |2 rdamedio 
338 |a volumen  |b nc  |2 rdasoporte 
649 |a XX 
650 |a Clima 
650 |a Climatología 
650 |a Meteorología 
650 |a Tiempo Atmosférico 
650 |a Cambio Climático 
650 |a Contaminación Ambiental 
650 |a Conservación y Protección Ambiental 
650 |a Emergencia Ambiental 
650 |a Ingeniería Ambiental 
650 |a Ingeniería Sanitaria 
650 |a Ecología 
910 |a Fondo General 
920 |a Impresos - Libros 
930 |a Obras de Referencia 
905 |a 102 
901 |a 0500048547  |b IT2  |c REF  |u 20250521 
901 |a 0500048700  |b IT2  |c REF  |u 20250521 
902 |a https://opac.biblio.iteso.mx/vufind/Record/000111710